Normal view
MARC view
Entry Personal Name
001 - CONTROL NUMBER
- control field: 53182
003 - CONTROL NUMBER IDENTIFIER
- control field: dpl
005 - DATE AND TIME OF LATEST TRANSACTION
- control field: 20121017150745.0
008 - FIXED-LENGTH DATA ELEMENTS
- fixed length control field: 121017|||a|||||| | ||| d
040 ## - CATALOGING SOURCE
- Original cataloging agency: dpl
- Transcribing agency: dpl
100 ## - HEADING--PERSONAL NAME
- Personal name: Blyton, Enid
670 ## - SOURCE DATA FOUND
- Source citation: Work cat.: (dpl)61116: Blyton, Enid, Noddy big-ears and the naughty goblin, 2009
670 ## - SOURCE DATA FOUND
- Source citation: Work cat.: (dpl)61116: Blyton, Enid, Noddy big-ears and the naughty goblin, 2009
